000 nam a22 a 4500
999 _c3302
_d3302
005 20170522111419.0
008 170522s1978 enkack || 001 ||eng d
020 _a0135897548
040 _aAKMAL
082 _a658.4 KUN
090 _a658.4
_bKUN
100 _aKuntz, Walter N.
_96714
245 _aModern corporate management :
_bew approaches to financial control, operations, customer developments, and equity sources
_cWalter N. Kuntz.
260 _aEnglewood Cliffs ;
_b Prentice-Hall
_c1978.
300 _a 226p. :
_b ill., forms,1port. ;
_c29cm.
650 _a Management.
_91462
942 _2ddc
_cBOOK